书目信息 |
| 题名: |
调查中国生活真相
|
|
| 作者: | 袁岳 著 | |
| 分册: | ||
| 出版信息: | 北京 航空工业出版社 2007.07 |
|
| 页数: | 161页 | |
| 开本: | 24cm | |
| 丛书名: | ||
| 单 册: | ||
| 中图分类: | D669 | |
| 科图分类: | ||
| 主题词: | 社会生活--she hui sheng huo--社会调查--中国--现代 | |
| 电子资源: | ||
| ISBN: | 978-7-80183-994-7 | |
| 000 | 00834nam0 2200253 450 | |
| 001 | 012007213797 | |
| 005 | 20071130111055.01 | |
| 010 | @a978-7-80183-994-7@dCNY19.80 | |
| 100 | @a20071130d2007 km y0chi0120 ea | |
| 101 | 0 | @achi |
| 102 | @aCN@b110000 | |
| 105 | @aa z 000yy | |
| 106 | @ar | |
| 200 | 1 | @a调查中国生活真相@Adiao cha zhong guo sheng huo zhen xiang@f袁岳著@Fyuan yue zhu |
| 210 | @a北京@c航空工业出版社@d2007.07 | |
| 215 | @a161页@c图@d24cm | |
| 312 | @a英文并列题名取自封底。 | |
| 330 | @a本书通过调查数据展示了一幅当代中国生活全景图,包括职场、消费、人际关系、财经等七个方面。 | |
| 510 | 1 | @aLife survey in China@zeng |
| 606 | 0 | @a社会生活@Ashe hui sheng huo@x社会调查@y中国@z现代 |
| 690 | @aD669@v4 | |
| 701 | 0 | @a袁岳@Ayuan yue@4著 |
| 801 | 0 | @aCN@bQSSK@c20071130 |
| 905 | @b269450-52@dD669@eY921@f3 | |
| 调查中国生活真相/袁岳著.-北京:航空工业出版社,2007.07 |
| 161页:图;24cm |
| ISBN 978-7-80183-994-7:CNY19.80 |
| 本书通过调查数据展示了一幅当代中国生活全景图,包括职场、消费、人际关系、财经等七个方面。 |
| ● |
| 相关链接 |
|
|
|
正题名:调查中国生活真相
索取号:D669/Y921
 
预约/预借
| 序号 | 登录号 | 条形码 | 馆藏地/架位号 | 状态 | 备注 |
| 1 | 269450 | 202694502 | 社科库509/509社科库 75排9列6层/ [索取号:D669/Y921] | 在馆 | |
| 2 | 269451 | 202694511 | 社科库509/509社科库 75排9列6层/ [索取号:D669/Y921] | 在馆 | |
| 3 | 269452 | 202694520 | 社科库509/509社科库 75排9列6层/ [索取号:D669/Y921] | 在馆 |